zpět

Detail výsledku týmu

U Kalicha, Rychnov u JnN

Datum a čas kvízu

36 Celkem bodů Celkový počet nahraných bodů na tomto kvízu bez doplňovacích otázek.
1. Pořadí na kvízu Konečné umístění týmu na tomto kvízu.

Zaznamenané odpovědi

# Otázka Odpověď Body Výsledky
1. Jedna z cestujících vlakem Čes... houby 0
2. V Polsku se konaly parlamentní... Právo a spravedlnost 1
3. Jistá americká herečka si minu... Jennifer Anistonová 1
4. Na Mezinárodní vesmírné stanic... do kosmického prostoru vystoupila poprvé čistě ženská posádka 1
5. Po minulém víkendu byla na MS... Anglie 0
6. V tomto tématu budeme tak troc... Fryderyk 0
7. Zůstaneme ještě u vážné hudby.... malé v 1
8. Současná hvězda stříbrného plá... B 1
9. Jeden ze států USA nese název.... A 0
10. Zapište správně název zmrzliny... stracciatella 0